Hombres en soledad

Guardado en:
Detalles Bibliográficos
Autor principal: Gálvez, Manuel (Autor)
Formato: Libro
Lenguaje:español
Publicado: Buenos Aires Losada 1942
Colección:Biblioteca Contemporánea
Materias:
Etiquetas: Agregar Etiqueta
Sin Etiquetas, Sea el primero en etiquetar este registro!

MARC

LEADER 00000nam a2200000 a 4500
001 UCT6560
003 CL-VaPUC
008 970113e19420000AG |||||||||||||||||spa|d
082 0 4 |a Ar863  |b GAL  |2 21 
100 0 |a Gálvez, Manuel  |e author  |9 330142 
245 1 0 |a Hombres en soledad 
300 |a 312 p 
942 |c BK 
945 |d 19970113 00:00:00  |a nastorga 
260 |a Buenos Aires  |b Losada  |c 1942 
650 0 |a Novelas argentinas  |9 267871 
583 |a last modification  |c 19970113 00:00:00  |k Rodrigo Vera 
490 0 |a Biblioteca Contemporánea 
999 |c 255249  |d 255247 
952 |0 0  |1 0  |4 0  |6 AR_863_000000000000000_GAL_1942  |7 0  |8 A  |9 277427  |a BIBEDU  |b BIBEDU  |d 2019-11-19  |i 326629K  |o Ar863 GAL 1942  |p 326629K  |r 2019-11-19  |w 2019-11-19  |y BK  |k LIT